The study of biology (Record no. 15990)
[ view plain ]
| 000 -LEADER | |
|---|---|
| fixed length control field | 00386cam a22001451 4500 |
| 040 ## - CATALOGING SOURCE | |
| Transcribing agency | ICU |
| 082 00 - DEWEY DECIMAL CLASSIFICATION NUMBER | |
| Classification number | 574 ADD 1967 A082 Or. |
| 100 1# - MAIN ENTRY--AUTHOR NAME | |
| Personal name | Baker, Jeffrey J. W. |
| 245 14 - TITLE STATEMENT | |
| Title | The study of biology |
| 260 ## - PUBLICATION, DISTRIBUTION, ETC. (IMPRINT) | |
| Place of publication | Reading, Mass., |
| Name of publisher | Addison-Wesley Pub. Co. |
| Year of publication | [1967] |
| 300 ## - PHYSICAL DESCRIPTION | |
| Number of Pages | xv, 667 p. |
| Other physical details | illus. (part col.) |
| Dimensions | 24 cm. |
| 650 #0 - SUBJECT ADDED ENTRY--TOPICAL TERM | |
| Topical Term | Biology. |
| 700 1# - ADDED ENTRY--PERSONAL NAME | |
| Personal name | Allen, Garland E., |
| 942 ## - ADDED ENTRY ELEMENTS (KOHA) | |
| Koha item type | សៀវភៅភាសាអង់គ្លេស |
| 952 ## - LOCATION AND ITEM INFORMATION (KOHA) | |
| Withdrawn status [LOCAL, KOHA] | 0 |
| Permanent Location | Date acquired | Koha item type | Lost status | Shelving location | Barcode | Current Location | Full call number |
|---|---|---|---|---|---|---|---|
| Library Block A | 2017-12-25 | សៀវភៅភាសាអង់គ្លេស | A082 | A14519 | Library Block A | 574 ADD 1967 A082 Or. |